The Malay in Australia : language, culture, religion

Bibliographic Details
Main Author: Asmah Haji Omar
Format: Book
Published: Selangor : Dawama Sdn Bhd , 2008
Subjects:

MARC

LEADER 00000cam a2200000 7i4500
001 0000089873
005 20230125160353.0
008 220821
020 |a 9789834600808 
041 |a Malay 
090 0 0 |a 305.899230941   |b ASM 
100 0 |a Asmah Haji Omar 
245 1 4 |a The Malay in Australia :   |b language, culture, religion   |c Asmah Haji Omar 
260 |a Selangor :   |b Dawama Sdn Bhd ,   |c 2008 
300 |a 139 p. :   |b col. ill. ;   |c 24.5 cm. 
650 0 |a Malays(Asian people)   |z Australia 
650 0 |a Minorities   |z Australia 
730 0 |a Title 
999 |a 0001685908   |b Book   |c Adult Collection   |e Perbadanan Perpustakaan Awam Johor